Calculus / (Record no. 193394)

000 -LEADER
fixed length control field 00814 a2200169 4500
003 - CONTROL NUMBER IDENTIFIER
control field Nust
005 - DATE AND TIME OF LATEST TRANSACTION
control field 20221118124141.0
020 ## - INTERNATIONAL STANDARD BOOK NUMBER
International Standard Book Number 0039220494
040 ## - CATALOGING SOURCE
Transcribing agency Nust
082 ## - DEWEY DECIMAL CLASSIFICATION NUMBER
Classification number 515,CAL
245 ## - TITLE STATEMENT
Title Calculus /
Statement of responsibility, etc. Editors Ronald G. Dunkley and Ronald G. Scoins
260 ## - PUBLICATION, DISTRIBUTION, ETC.
Place of publication, distribution, etc. New York
Name of publisher, distributor, etc. Rinehart
Date of publication, distribution, etc. 1988
300 ## - PHYSICAL DESCRIPTION
Extent 450p.
505 ## - FORMATTED CONTENTS NOTE
Formatted contents note Chapter 1:- Introduction to calculus (Page-1), Chapter 2:- Differentiation (Page-57), Chapter 3:- Applications of the derivative (Page-105), Chapter 4:- Curve Sketching (Page-166), Chapter 5:- Trigonometric functions and their derivatives (Page-227), Chapter 6:- Derivatives of algorithms and exponential functions (Page-287), Ant derivatives and differential equations (Page-335), Chapter 8:- Areas and integrals (Page-379).
650 ## - SUBJECT ADDED ENTRY--TOPICAL TERM
Topical term or geographic name entry element Calculus
942 ## - ADDED ENTRY ELEMENTS (KOHA)
Source of classification or shelving scheme
Koha item type Book
Call number prefix 515,CAL
Holdings
Withdrawn status Lost status Source of classification or shelving scheme Damaged status Not for loan Permanent Location Current Location Shelving location Date acquired Total Checkouts Full call number Barcode Date last seen Date last checked out Price effective from Koha item type Public note
          Military College of Signals (MCS) Military College of Signals (MCS) General Stacks 12/12/2016 1 515,CAL MCS5189 02/17/2025 01/20/2025 12/12/2016 Book Almirah No.11, Shelf No.6
© 2023 Central Library, National University of Sciences and Technology. All Rights Reserved.